[Event "ECF Charity Marathon UKR"]
[Site "Chess.com INT"]
[Date "2022.04.02"]
[Round "?"]
[White "Baker, Chris W"]
[Black "Holowczak, Alex"]
[Result "1-0"]
[WhiteElo "2272"]
[BlackElo "1638"]
[PlyCount "27"]
[EventDate "2022.04.02"]
[EventType "swiss (blitz)"]
[EventRounds "74"]
[EventCountry "USA"]
[SourceTitle "CBM 207 Extra"]
[Source "ChessBase"]
[SourceDate "2022.05.31"]
[SourceVersion "1"]
[SourceVersionDate "2022.05.31"]
[SourceQuality "1"]

1. e4 e6 2. Nf3 d5 3. Nc3 d4 4. Ne2 e5 5. Nxe5 Bd6 6. Nf3 c5 7. d3 Bg4 8. Ng3 Nc6 9. h3 Bxf3 10. Qxf3 Ne5 11. Qd1 Nf6 12. Be2 0-0 13. f4 Ng6 14. e5 1-0

[Event "Checkmate Covid Rematch"]
[Site "Chess.com INT"]
[Date "2021.06.06"]
[Round "?"]
[White "Holowczak, Alex"]
[Black "Pal, Rohan"]
[Result "0-1"]
[WhiteElo "1638"]
[BlackElo "1759"]
[PlyCount "64"]
[EventDate "2021.06.05"]
[EventType "swiss (blitz)"]
[EventRounds "20"]
[EventCountry "ENG"]
[SourceTitle "CBM 202 Extra"]
[Source "ChessBase"]
[SourceDate "2021.07.31"]
[SourceVersion "1"]
[SourceVersionDate "2021.07.31"]
[SourceQuality "1"]

1. e4 c5 2. Nc3 Nc6 3. f4 g6 4. Nf3 Bg7 5. Bc4 e6 6. d3 Nge7 7. 0-0 d5 8. Bb3 0-0 9. Qe1 Nd4 10. Qh4 dxe4 11. Nxe4 Nef5 12. Qf2 Nxb3 13. axb3 b6 14. Kh1 Bb7 15. g4 Nd4 16. Nxd4 Bxd4 17. Qg3 f5 18. gxf5 exf5 19. c3 Bg7 20. Be3 fxe4 21. dxe4 Bxe4+ 22. Kg1 Qd5 23. c4 Qb7 24. Rae1 Bxb2 25. h4 Bg7 26. h5 Rf6 27. Qh4 gxh5 28. Rd1 Rg6+ 29. Kh2 Rg2+ 30. Kh3 Bf5+ 31. Qg4 Bxg4+ 32. Kh4 Bf6# 0-1

[Event "Checkmate Covid Rematch"]
[Site "Chess.com INT"]
[Date "2021.06.06"]
[Round "?"]
[White "Holowczak, Alex"]
[Black "Punnett, Alan Kenneth"]
[Result "0-1"]
[WhiteElo "1638"]
[BlackElo "2022"]
[PlyCount "114"]
[EventDate "2021.06.05"]
[EventType "swiss (blitz)"]
[EventRounds "20"]
[EventCountry "ENG"]
[SourceTitle "CBM 202 Extra"]
[Source "ChessBase"]
[SourceDate "2021.07.31"]
[SourceVersion "1"]
[SourceVersionDate "2021.07.31"]
[SourceQuality "1"]

1. e4 e6 2. d4 d5 3. e5 c5 4. c3 Nc6 5. Nf3 Bd7 6. Bd3 cxd4 7. cxd4 Qb6 8. Bc2 Nb4 9. 0-0 Nxc2 10. Qxc2 Rc8 11. Nc3 Bb5 12. Re1 Ne7 13. Be3 Nc6 14. Qb3 Bc4 15. Qxb6 axb6 16. Rac1 Bd3 17. Na4 b5 18. Nc5 Bxc5 19. dxc5 Kd7 20. a3 f6 21. exf6 gxf6 22. b4 Rhg8 23. Bf4 Rg4 24. Bd6 Rcg8 25. g3 h5 26. h3 Re4 27. Rxe4 Bxe4 28. Nd2 Nd4 29. Nxe4 Ne2+ 30. Kh2 dxe4 31. Re1 Nc3 32. Re3 Nd5 33. Rxe4 b6 34. Rh4 bxc5 35. bxc5 Rg5 36. a4 b4 37. a5 b3 38. a6 b2 39. a7 Rg8 40. Bb8 b1Q 41. a8Q Rxb8 42. c6+ Kd6 43. Qa3+ Kxc6 44. Rc4+ Kd7 45. Qa4+ Qb5 46. Qa7+ Rb7 47. Qa2 Qb2 48. Qa4+ Ke7 49. Rc2 Qb4 50. Qa6 h4 51. Re2 Qb6 52. Qa3+ Kf7 53. Qf3 hxg3+ 54. fxg3 Qb3 55. Qh5+ Ke7 56. Qh7+ Kd6 57. Rg2 Rxh7 0-1

[Event "Coventry e2e4 op"]
[Site "Coventry"]
[Date "2013.08.24"]
[Round "3"]
[White "Bennett, Dominic"]
[Black "Holowczak, Alex"]
[Result "1-0"]
[WhiteElo "1977"]
[BlackElo "1678"]
[PlyCount "49"]
[EventDate "2013.08.23"]
[EventType "swiss"]
[EventRounds "7"]
[EventCountry "ENG"]
[SourceTitle "CBM 156 Extra"]
[Source "ChessBase"]
[SourceDate "2013.10.22"]
[SourceVersion "1"]
[SourceVersionDate "2013.10.22"]
[SourceQuality "1"]

1. Nf3 Nf6 2. c4 g6 3. Nc3 d5 4. cxd5 Nxd5 5. Qb3 Nb6 6. Ng5 e6 7. h4 Nc6 8. e3 Bg7 9. d4 Nd5 10. Bd2 0-0 11. f4 Nxf4 12. exf4 Nxd4 13. Qd1 e5 14. Bc4 Bf5 15. Rc1 Qe7 16. Nd5 Qd7 17. Bb4 Bg4 18. Qd2 exf4 19. 0-0 Rfe8 20. Nxc7 Qxc7 21. Bxf7+ Qxf7 22. Nxf7 Kxf7 23. Rxf4+ Bf5 24. Rxd4 Bxd4+ 25. Qxd4 1-0

[Event "High Wycombe e2e4 Intermediate op 03"]
[Site "High Wycombe"]
[Date "2012.03.17"]
[Round "2"]
[White "Holowczak, Alex"]
[Black "Hung, Dylan"]
[Result "1-0"]
[WhiteElo "1680"]
[BlackElo "1414"]
[PlyCount "113"]
[EventDate "2012.03.16"]
[EventType "swiss"]
[EventRounds "5"]
[EventCountry "ENG"]
[SourceTitle "EXT 2014"]
[Source "ChessBase"]
[SourceDate "2013.11.20"]
[SourceVersion "1"]
[SourceVersionDate "2013.11.20"]
[SourceQuality "1"]

1. e4 c6 2. d4 d5 3. Nc3 dxe4 4. Nxe4 Bf5 5. Ng3 Bg6 6. Nf3 e6 7. Bf4 Nd7 8. c3 Ngf6 9. Bd3 Be7 10. Qc2 0-0 11. h4 Bxd3 12. Qxd3 h6 13. 0-0 Ng4 14. h5 e5 15. dxe5 Qc7 16. e6 Qxf4 17. Qxd7 Qd6 18. exf7+ Rxf7 19. Qxg4 Qf6 20. Rad1 Rd8 21. Rxd8+ Bxd8 22. Rd1 Bc7 23. Ne4 Qf4 24. Qxf4 Rxf4 25. Rd7 Bb6 26. Ng3 Rf7 27. Rxf7 Kxf7 28. Ne5+ Ke6 29. Nc4 Bc7 30. Ne3 Kf6 31. Ne2 Kg5 32. Ng3 Bxg3 33. fxg3 Kxh5 34. Kf2 a5 35. Nc4 a4 36. Nb6 Kg4 37. Nxa4 h5 38. Nc5 b6 39. Nd7 b5 40. Ne5+ Kf5 41. Nxc6 g5 42. Nd4+ Kg4 43. Nxb5 h4 44. gxh4 gxh4 45. a4 h3 46. gxh3+ Kxh3 47. a5 Kg4 48. a6 Kf5 49. a7 Ke4 50. a8Q+ Ke5 51. Qd8 Ke4 52. c4 Ke5 53. c5 Ke4 54. c6 Ke5 55. c7 Ke4 56. c8Q Ke5 57. Qd4# 1-0

[Event "London Classic op"]
[Site "London"]
[Date "2011.12.09"]
[Round "7"]
[White "Haddock, Paul"]
[Black "Holowczak, Alex"]
[Result "0-1"]
[WhiteElo "1695"]
[BlackElo "1670"]
[PlyCount "86"]
[EventDate "2011.12.03"]
[EventType "swiss"]
[EventRounds "9"]
[EventCountry "ENG"]
[SourceTitle "CBM 145 Extra"]
[Source "ChessBase"]
[SourceDate "2012.01.03"]
[SourceVersion "1"]
[SourceVersionDate "2012.01.03"]
[SourceQuality "1"]

1. e4 e6 2. d4 d5 3. Nd2 dxe4 4. Nxe4 Nf6 5. Ng3 c5 6. Nf3 cxd4 7. Qxd4 Qxd4 8. Nxd4 Bc5 9. Nb5 Bb6 10. Be3 Bxe3 11. fxe3 Nd5 12. e4 Ne3 13. Kf2 Ng4+ 14. Kf3 Ne5+ 15. Ke3 Na6 16. Be2 0-0 17. c3 Rb8 18. Nxa7 Bd7 19. Nb5 Rfd8 20. Rad1 Ng4+ 21. Bxg4 Bxb5 22. e5 Nc5 23. b3 Nd7 24. Rhe1 Nxe5 25. Be2 Bc6 26. Ne4 h6 27. g3 Ra8 28. a4 Rac8 29. Rf1 Ng6 30. Nd6 Rc7 31. Rd2 Rcd7 32. Rfd1 Bd5 33. Nxb7 Rxb7 34. c4 Rxb3+ 35. Kf2 Ra3 36. cxd5 Rxd5 37. Bb5 Ne7 38. Rxd5 Nxd5 39. Bc6 Nc3 40. Rd3 Ra2+ 41. Kf3 Nxa4 42. Rd8+ Kh7 43. Ra8 Nc3 0-1

[Event "Gatwick e2e4 int op-B"]
[Site "Gatwick"]
[Date "2011.10.26"]
[Round "1"]
[White "Holowczak, Alex"]
[Black "Jain, Radha"]
[Result "0-1"]
[WhiteElo "1670"]
[BlackElo "1877"]
[PlyCount "62"]
[EventDate "2011.10.26"]
[EventType "swiss"]
[EventRounds "9"]
[EventCountry "ENG"]
[SourceTitle "EXT 2014"]
[Source "ChessBase"]
[SourceDate "2013.11.20"]
[SourceVersion "1"]
[SourceVersionDate "2013.11.20"]
[SourceQuality "1"]

1. e4 c5 2. d4 cxd4 3. c3 dxc3 4. Nxc3 Nc6 5. Nf3 d6 6. Bc4 Nf6 7. 0-0 g6 8. Qb3 e6 9. Bf4 Bd7 10. Bb5 a6 11. Be2 b5 12. a3 Nh5 13. Be3 Bg7 14. Rfd1 Qe7 15. Rd2 Na5 16. Qb4 Nb7 17. Rad1 Rd8 18. Bb6 Rc8 19. a4 Bh6 20. Rc2 Rc6 21. Bd4 e5 22. axb5 axb5 23. Bxb5 Qe6 24. Bxc6 Bxc6 25. Bb6 0-0 26. Nd5 Bxd5 27. exd5 Qf5 28. Rc7 Nf4 29. Qe1 e4 30. Rxb7 exf3 31. gxf3 Qg5+ 0-1

[Event "GBR-ch Major 98th"]
[Site "Sheffield"]
[Date "2011.07.25"]
[Round "1"]
[White "Holowczak, Alex"]
[Black "Wadsworth, Matthew J"]
[Result "0-1"]
[WhiteElo "1660"]
[BlackElo "1983"]
[PlyCount "62"]
[EventDate "2011.07.25"]
[EventType "swiss"]
[EventRounds "11"]
[EventCountry "ENG"]
[SourceTitle "EXT 2012"]
[Source "ChessBase"]
[SourceDate "2011.11.24"]
[SourceVersion "1"]
[SourceVersionDate "2011.11.24"]
[SourceQuality "1"]

1. e4 Nf6 2. e5 Nd5 3. c4 Nb6 4. d4 d6 5. exd6 exd6 6. Nc3 Be7 7. Be3 0-0 8. Bd3 Nc6 9. a3 a5 10. Nge2 Bg4 11. Qc2 g6 12. h3 Bd7 13. 0-0-0 Bc8 14. h4 Bxh4 15. g3 Bf6 16. Rh2 Bg4 17. f4 Re8 18. Rdh1 Rxe3 19. Rxh7 Ne7 20. Ne4 Nf5 21. Nf2 Rxe2 22. Bxe2 Nxd4 23. Qd3 Nxe2+ 24. Kd2 Qd7 25. Ne4 Bg7 26. R1h6 Qe6 27. Rh4 Bf5 28. Qxe2 Qxe4 29. Qxe4 Bxe4 30. b3 g5 31. R7h5 gxh4 0-1